Historia económica de Europa : (Record no. 23450)

MARC details
000 -LEADER
campo de control de longitud fija 01376camaa2200385Mi 4500
001 - NÚMERO DE CONTROL
campo de control 86574
005 - FECHA Y HORA DE LA ÚLTIMA TRANSACCIÓN
campo de control 20230410103648.0
008 - DATOS DE LONGITUD FIJA--INFORMACIÓN GENERAL
campo de control de longitud fija 991112s2003 sp 000 0 spa d
035 ## - NÚMERO DE CONTROL DEL SISTEMA
Número de control de sistema (OCoLC)ocn231041492
040 ## - FUENTE DE CATALOGACIÓN
Centro catalogador/agencia de origen UIA
Lengua de catalogación spa
Centro/agencia transcriptor UIA
020 ## - NÚMERO INTERNACIONAL ESTÁNDAR DEL LIBRO
Número Internacional Estándar del Libro 9788484329503
020 ## - NÚMERO INTERNACIONAL ESTÁNDAR DEL LIBRO
Número Internacional Estándar del Libro 848432950X
035 ## - NÚMERO DE CONTROL DEL SISTEMA
Número de control de sistema (OCoLC)231041492
041 1# - CÓDIGO DE IDIOMA
Código de lengua del texto/banda sonora o título independiente spa
Código de lengua original ita
050 14 - SIGNATURA TOPOGRÁFICA DE LA BIBLIOTECA DEL CONGRESO
Número de clasificación 300 HC 240
Número de ítem H673 2003
049 ## - FONDOS LOCALES (OCLC)
Biblioteca depositaria GRAL
245 00 - MENCIÓN DEL TÍTULO
Título Historia económica de Europa :
Resto del título siglos XV-XX /
Mención de responsabilidad, etc. P. Massa ... [et al.] ; Antonio Di Vittorio (coord.) ; traducción castellana de Jordi Pascual Escutia.
260 ## - PUBLICACIÓN, DISTRIBUCIÓN, ETC.
Lugar de publicación, distribución, etc. Barcelona :
Nombre del editor, distribuidor, etc. Crítica,
Fecha de publicación, distribución, etc. 2003.
300 ## - DESCRIPCIÓN FÍSICA
Extensión 462 p. :
Otras características físicas il., mapas, tablas ;
Dimensiones 23 cm.
440 #0 - MENCIÓN DE SERIE/PUNTO DE ACCESO ADICIONAL--TÍTULO
Título Critica/Historia del mundo moderno
500 ## - NOTA GENERAL
Nota general Traducción de: Dall'espansione allo sviluppo : una historia economica d'Europa.
504 ## - NOTA DE BIBLIOGRAFÍA, ETC.
Nota de bibliografía, etc. Incluye referencias bibliograficas (p. [435]-449).
651 #0 - PUNTO DE ACCESO ADICIONAL DE MATERIA--NOMBRE GEOGRÁFICO
Nombre geográfico Europe
Subdivisión general Economic conditions.
651 #0 - PUNTO DE ACCESO ADICIONAL DE MATERIA--NOMBRE GEOGRÁFICO
Nombre geográfico Europe
Subdivisión general Economic conditions
Subdivisión cronológica 16th century.
651 #0 - PUNTO DE ACCESO ADICIONAL DE MATERIA--NOMBRE GEOGRÁFICO
Nombre geográfico Europe
Subdivisión general Economic conditions
Subdivisión cronológica 17th century.
653 ## - TÉRMINO DE INDIZACIÓN--NO CONTROLADO
Término no controlado Historia económica
-- Europa
-- Siglos XVI-XVII.
653 ## - TÉRMINO DE INDIZACIÓN--NO CONTROLADO
Término no controlado Europa
-- Situación económica.
651 #0 - PUNTO DE ACCESO ADICIONAL DE MATERIA--NOMBRE GEOGRÁFICO
Nombre geográfico Europa
Subdivisión general Condiciones económicas
700 1# - ENTRADA AGREGADA--NOMBRE PERSONAL
Nombre de persona Massa, Paola
700 1# - ENTRADA AGREGADA--NOMBRE PERSONAL
Nombre de persona Di Vittorio, Antonio
700 1# - ENTRADA AGREGADA--NOMBRE PERSONAL
Nombre de persona Pascual Escutia, Jordi
942 ## - ELEMENTOS DE ENTRADA SECUNDARIOS (KOHA)
Fuente del sistema de clasificación o colocación Clasificación de Library of Congress
Tipo de ítem Koha
994 ## -
-- C0
-- DRFGD
946 ## - PROCESAMIENTO DE INFORMACIÓN LOCAL (OCLC)
a JP
Holdings
Estatus retirado Estado de pérdida Fuente del sistema de clasificación o colocación Estado de daño No para préstamo Colección Biblioteca de origen Biblioteca actual Ubicación en estantería Fecha de adquisición Serial enumeration / chronology Signatura topográfica completa Código de barras Visto por última vez Copia número Tipo de ítem Koha
    Clasificación de Library of Congress     Recursos Regionales Biblioteca Juan Bosch Biblioteca Juan Bosch Recursos Regionales (2do. Piso) 10/04/2023 1 300 HC 240 H673 2003 00000075802 23/10/2018 1